|
|
|
|
| LEADER |
00000nlm0a2200000 4500 |
| 001 |
90113 |
| 005 |
20231101213709.0 |
| 035 |
|
|
|a (RuTPU)RU\TPU\book\96649
|
| 090 |
|
|
|a 90113
|
| 100 |
|
|
|a 20060206d2005 k y0rusy50 ca
|
| 101 |
0 |
|
|a rus
|
| 102 |
|
|
|a RU
|
| 105 |
|
|
|a a dm 001zy
|
| 135 |
|
|
|a drbn ---uucaa
|
| 181 |
|
0 |
|a i
|
| 182 |
|
0 |
|a b
|
| 200 |
1 |
|
|a Оценка пространственной изменчивости свойств массива горных пород для оптимизации сети инженерно-геологических скважин при разведке угольных месторождений (на примере Эльгинского месторождения)
|b Электронный ресурс
|e автореферат диссертации на соискание ученой степени кандидата геолого-минералогических наук
|f П. Ю. Кузнецов
|g Якутский государственный университет им. М. К. Аммосова (ЯГУ) ; Нерюнгринский Технический институт (филиал) ; науч. рук. Ю. Н. Скоморошко
|
| 203 |
|
|
|a Текст
|c электронный
|
| 210 |
|
|
|a Томск
|c [Б. и.]
|d 2005
|
| 215 |
|
|
|a 1 файл (673 Kb)
|
| 230 |
|
|
|a Электронные текстовые данные (1 файл : 673 Kb)
|
| 300 |
|
|
|a Заглавие с титульного экрана
|
| 300 |
|
|
|a Электронная версия печатной публикации
|
| 337 |
|
|
|a Adobe Reader
|
| 452 |
|
1 |
|0 (RuTPU)RU\TPU\book\94896
|t Оценка пространственной изменчивости свойств массива горных пород для оптимизации сети инженерно-геологических скважин при разведке угольных месторождений (на примере Эльгинского месторождения)
|o автореферат диссертации на соискание ученой степени кандидата геолого-минералогических наук
|o спец. 25.00.16
|f П. Ю. Кузнецов
|g Якутский государственный университет; Нерюнгринский Технический институт (филиал); науч. рук. Ю. Н. Скоморошко
|c Томск
|n Б.и.
|d 2005
|p 24 с.
|a Кузнецов, Павел Юрьевич
|
| 610 |
1 |
|
|a угольные месторождения
|
| 610 |
1 |
|
|a инженерно-геологические исследования
|
| 610 |
1 |
|
|a горные породы
|
| 610 |
1 |
|
|a массивы
|
| 610 |
1 |
|
|a свойства
|
| 610 |
1 |
|
|a изменчивость
|
| 610 |
1 |
|
|a Россия
|
| 610 |
1 |
|
|a Южно-Якутский бассейн
|
| 610 |
1 |
|
|a Эльгинское каменноугольное месторождение
|
| 610 |
1 |
|
|a неоднородность
|
| 610 |
1 |
|
|a прогноз
|
| 610 |
1 |
|
|a программное обеспечение
|
| 610 |
1 |
|
|a алгоритмы
|
| 610 |
1 |
|
|a авторефераты диссертаций
|
| 610 |
1 |
|
|a труды учёных ТПУ
|
| 610 |
1 |
|
|a электронный ресурс
|
| 675 |
|
|
|a 553.94(571)(04)
|v 3
|
| 686 |
|
|
|a 25.00.16
|2 oksvnk
|
| 700 |
|
1 |
|a Кузнецов
|b П. Ю.
|g Павел Юрьевич
|
| 702 |
|
1 |
|a Скоморошко
|b Ю. Н.
|g Юрий Николаевич
|4 727
|
| 712 |
0 |
2 |
|a Якутский государственный университет им. М. К. Аммосова (ЯГУ)
|c (1956-2010)
|2 stltpush
|3 (RuTPU)RU\TPU\col\392
|
| 712 |
0 |
2 |
|a Нерюнгринский Технический институт (филиал)
|2 stltpush
|3 (RuTPU)RU\TPU\col\8006
|9 24448
|
| 801 |
|
1 |
|a RU
|b 63413507
|c 20060206
|g PSBO
|
| 801 |
|
2 |
|a RU
|b 63413507
|c 20151116
|g RCR
|
| 856 |
4 |
|
|u http://www.lib.tpu.ru/fulltext/a/2005/50.pdf
|
| 942 |
|
|
|c CF
|